Paradisi metropolitani /
Salvato in:
| Autori principali: | , |
|---|---|
| Natura: | Libro |
| Lingua: | italiano |
| Pubblicazione: |
Roma :
Albatros,
2011
|
| Serie: | Nuove voci. Confini
|
| Tags: |
Nessun Tag, puoi essere il primo ad aggiungerne!!
|
MARC
| LEADER | 00000nam a22000007i 4500 | ||
|---|---|---|---|
| 001 | IT\ICCU\PAV\0058767 | ||
| 003 | ItRI | ||
| 005 | 20260223161351.0 | ||
| 008 | 120725s2011 it |||||| ||||| |||||c | ||
| 020 | |a 9788856746846 | ||
| 040 | |b ita |c arcigay messina | ||
| 041 | 7 | |a ita |2 ISO-639-2 | |
| 082 | |a 853.9 |2 19 | ||
| 100 | 1 | |a Marchese, Claudio, |d (1952-) |0 IT\ICCU\CFIV\007151 |4 aut | |
| 245 | 1 | 0 | |a Paradisi metropolitani / |c Claudio Marchese, Riccardo Di Salvo. |
| 260 | |a Roma : |b Albatros, |c 2011 | ||
| 300 | |a 111 p. ; |c 21 cm | ||
| 700 | 1 | |a Di Salvo, Riccardo |0 IT\ICCU\PALV\048569 |4 aut | |
| 830 | 0 | |a Nuove voci. Confini |0 IT\ICCU\BVE\0417939 | |
| 942 | |2 ddc |c BK | ||
| 952 | |0 0 |1 0 |2 ddc |4 0 |6 SCAFFALE_15_000000000000000__LGBT_S_R |7 0 |9 32426 |a ME |b ME |d 2026-02-11 |l 0 |o SCAFFALE 15 - LGBT S.R. |p R-1588 |r 2026-02-11 23:53:11 |w 2026-02-11 |x [REVISIONARE] |y BK | ||
| 999 | |c 28093 |d 28093 | ||